ბათუმის შოთა რუსთაველის სახელმწიფო უნივერსიტეტის ბიბლიოთეკა

Contemporary fixed prosthodontics / (ბიბ.ჩანაწერი № 57396)

000 -LEADER
fixed length control field 00915cam a22002294a 4500
001 - CONTROL NUMBER
control field 14656245
005 - DATE AND TIME OF LATEST TRANSACTION
control field 20240117160323.0
008 - FIXED-LENGTH DATA ELEMENTS--GENERAL INFORMATION
fixed length control field 061205s2016 moua b 001 0 eng
020 ## - INTERNATIONAL STANDARD BOOK NUMBER
International Standard Book Number 9780323028745 1
041 ## - LANGUAGE CODE
Language code of text/sound track or separate title eng
080 ## - UNIVERSAL DECIMAL CLASSIFICATION NUMBER
Universal Decimal Classification number 617.6 R-79
100 1# - MAIN ENTRY--PERSONAL NAME
Personal name Rosenstiel, Stephen F.
9 (RLIN) 8424
245 10 - TITLE STATEMENT
Title Contemporary fixed prosthodontics /
Statement of responsibility, etc. Stephen F. Rosenstiel, Martin F. Land, Junhei Fujimoto ; artwork by Krystyna Srodulski ; photographic services by James Cockerill.
250 ## - EDITION STATEMENT
Edition statement 5th ed.
264 ## - PRODUCTION, PUBLICATION, DISTRIBUTION, MANUFACTURE, AND COPYRIGHT NOTICE
Place of production, publication, distribution, manufacture St. Louis, Mo. :
Name of producer, publisher, distributor, manufacturer Mosby/Elsevier,
Date of production, publication, distribution, manufacture, or copyright notice 2016
300 ## - PHYSICAL DESCRIPTION
Extent 1130 p. :
Other physical details ill. (some col.) ;
Dimensions 29 cm.
653 ## - INDEX TERM--UNCONTROLLED
keyword თანამედროვე ფიქსირებული პროთეზირება
653 ## - INDEX TERM--UNCONTROLLED
keyword სტომატოლოგია
700 1# - ADDED ENTRY--PERSONAL NAME
Personal name Land, Martin F.
Relator term ავტორი
9 (RLIN) 8427
700 1# - ADDED ENTRY--PERSONAL NAME
Personal name Fujimoto, Junhei.
Relator term ავტორი
9 (RLIN) 8428
942 ## - ADDED ENTRY ELEMENTS (KOHA)
Source of classification or shelving scheme
Koha item type წიგნი
ეგზემპლარები
Withdrawn status Lost status Source of classification or shelving scheme Damaged status Not for loan Permanent Location Current Location Shelving location Date acquired Cost, normal purchase price Full call number Barcode Date last seen Copy number Price effective from Koha item type Public note
          ბათუმის შოთა რუსთაველის სახელმწიფო უნივერსიტეტის მთავარი ბიბლიოთეკა ბათუმის შოთა რუსთაველის სახელმწიფო უნივერსიტეტის მთავარი ბიბლიოთეკა წიგნსაცავი 2020-06-15 432.00 617.6 R-79 60593 2020-06-15 60593 2020-06-15 წიგნი 432 gel.